Obálka Náhled e-knihy:
PDF Epub
Pro půjčování e-knih musíte být přihlášeni.
Jak si půjčit online?

Vánoční pohádky /

Půvabné pohádky pro zimní a vánoční čas.

Uloženo v:
Hlavní autor: Malinský, Zbyněk, 1923-2005 (Autor)
Další autoři: Jágr, Miloslav, 1927-1997 (Autor)
Médium: E-kniha
Jazyk:Czech
Vydáno: V Praze : Albatros, 2022
Vydání:4. vydání
Témata:
Tagy:
Žádné tagy
LEADER 02129nam a2200445 i 4500
001 311624
003 CZ PrSKC
005 20260601215708.0
007 ta
008 221003s2022 xr a a 000 j cze
015 |a cnb003458726 
020 |a 9788000068268  |q (vázáno) :  |c Kč 299,00 
035 |a (OCoLC)1354196925 
040 |a ABG001  |b cze  |e rda 
072 7 |a 821.162.3-3  |x Česká próza  |2 Konspekt 
072 7 |a 821-93  |x Literatura pro děti a mládež (beletrie)  |2 Konspekt 
080 |a 821.162.3-34  |2 MRF 
080 |a 821-93  |2 MRF 
080 |a (0:82-34)  |2 MRF 
100 1 |a Malinský, Zbyněk,  |d 1923-2005  |7 jk01073271  |4 aut 
245 1 0 |a Vánoční pohádky /  |c Zbyněk Malinský ; ilustroval Miloslav Jágr 
250 |a 4. vydání 
264 1 |a V Praze :  |b Albatros,  |c 2022 
300 |a 77 stran :  |b barevné ilustrace ;  |c 21 cm 
336 |a text  |b txt  |2 rdacontent 
337 |a bez média  |b n  |2 rdamedia 
338 |a svazek  |b nc  |2 rdacarrier 
520 2 |a Půvabné pohádky pro zimní a vánoční čas.  |b Znáte třeba tu o vánočce, která se nechala pojistit proti připálení? Nebo o tom, jak si kamna o Vánocích zakouřila? Jestli ne, neváhejte a začtěte se do vtipných a laskavých řádků. Určitě si je zamilujete tak jako generace vašich rodičů. Nakladatelská anotace. Kráceno. 
521 8 |a Pro děti od 3 let 
655 7 |a české pohádky  |7 fd133970  |2 czenas 
655 7 |a publikace pro děti  |7 fd133156  |2 czenas 
655 9 |a Czech fairy tales  |2 eczenas 
655 9 |a children's literature  |2 eczenas 
700 1 |a Jágr, Miloslav,  |d 1927-1997  |7 jk01050623  |4 ill 
900 |a ABA001  |b 19 
928 9 |a Albatros Media - Albatros 
044 |a xr 
910 |a RBIT002 
998 |d 357658  |a https://core.palmknihy.cz/api/books/357658/cover?si8i95  |b https://core.palmknihy.cz/api/books/357658/cover/400?si8i95  |c https://core.palmknihy.cz/api/books/357658/cover/50?si8i95  |e 2027-12-31  |g 80  |i 9788000068268  |j https://core.palmknihy.cz/api/books/357658/preview.epub  |k https://core.palmknihy.cz/api/books/357658/preview.pdf  |l   |q 49  |r 1  |s https://www.palmknihy.cz/kniha/357658  |t ebook  |y 2022  |z 0 
999 |d 311622